000 00518nam a2200169 i 4500
001 83004
003 ES-MaACL
005 20230906174750.0
007 t|
008 041112s1983 sp ||||1| spa d
245 0 0 _aCenso de viviendas 1981 /
_cInstituto Nacional de Estadística.
260 _aMadrid :
_b[s.n.,
_c1983]
300 _a1 v. ;
_c29 cm.
505 8 _aContiene: T. IV: Resultados a nivel municipal
710 2 _aInstituto Nacional de Estadística (España)
_95162
852 _aES-MaACL
_jP-1925
_bR.105261
999 _c83004
_d83004